书目信息 |
| 题名: |
非生产领域经济学
|
|
| 作者: | 沙洛特科夫 , Солодков 主编 ;蒋家俊 , 马文奇 , 沈越 译 | |
| 分册: | ||
| 出版信息: | 上海 上海译文出版社 1985 |
|
| 页数: | 329页 | |
| 开本: | 19cm | |
| 丛书名: | ||
| 单 册: | ||
| 中图分类: | F063.1 , G40-054 | |
| 科图分类: | ||
| 主题词: | 非生产领域经济学 , 教育学 | |
| 电子资源: | ||
| ISBN: | ||
| 000 | 01145nam0 2200349 45 | |
| 001 | 0185002007 | |
| 005 | 20040428165629.5 | |
| 010 | @dCNY2.05 | |
| 091 | @a4188.47 | |
| 100 | @a19900816d1985 kemy0chiy0121 ea | |
| 101 | 1 | @achi@crus |
| 102 | @aCN@b310000 | |
| 105 | @ay z 000yy | |
| 106 | @ar | |
| 200 | 10 | @a非生产领域经济学@Afei sheng chan ling yu jing ji xue@f(苏)沙洛特科夫(Солодков,М.)主编@g蒋家俊等译 |
| 210 | @a上海@c上海译文出版社@d1985 | |
| 215 | @a329页@d19cm | |
| 300 | @a根据苏联莫斯科大学出版社1980年俄文版译出 | |
| 300 | @a书名原文:Экономика непроизводственной сферы | |
| 510 | 1 | @aЭкономика непроизводственной сферы@zrus |
| 606 | @a非生产领域经济学 | |
| 606 | 0 | @a教育学 |
| 690 | @aF063.1@v3 | |
| 690 | @aG40-054 | |
| 701 | 1 | @a沙洛特科夫@Asha luo te ke fu@bМ.@4主编 |
| 701 | A1 | @aСолодков@bМ.@4主编 |
| 702 | 0 | @a蒋家俊@Ajiang jia jun@4译 |
| 702 | 0 | @a马文奇@Ama wen qi@4译 |
| 702 | 0 | @a沈越@Ashen yue@4译 |
| 801 | 0 | @aCN@b深圳图书馆@c20040428 |
| 801 | 2 | @aCN@bNLC@c20040428 |
| 905 | @f1@b156117@dG40-054@e83 | |
| 非生产领域经济学/(苏)沙洛特科夫(Солодков,М.)主编/蒋家俊等译.-上海:上海译文出版社,1985 |
| 329页;19cm |
| 根据苏联莫斯科大学出版社1980年俄文版译出.-书名原文:Экономика непроизводственной сферы |
| ISBN :CNY2.05 |
| ● |
| 相关链接 |
|
|
|
|
正题名:非生产领域经济学
索取号:G40-054/83
 
预约/预借
| 序号 | 登录号 | 条形码 | 馆藏地/架位号 | 状态 | 备注 |
| 1 | 0156117 | 000285578 | 第四借阅区/ [索取号:G40-054/83] | 在馆 | |
| 2 | 0156118 | 000285587 | 第一样本阅览室/ [索取号:G40-054/83] | 在馆 |